| 000 | 00654nam a22002055a 4500 | ||
|---|---|---|---|
| 005 | 20180306103259.0 | ||
| 008 | 180306s200u ua fr 000 1 eng d | ||
| 040 |
_aEG-ScBUE _beng _cEG-ScBUE |
||
| 082 | 0 | 4 |
_a320.1 _bMAC _222 |
| 100 | 1 |
_aMachiavelli, Niccolò, _d1469-1527. _933417 |
|
| 245 | 1 | 4 |
_aThe prince / _cNiccolò Machiavelli ; edited with an introduction by R. Awad. |
| 260 |
_aCairo : _bThe Anglo-Egyption Bookshop, _c[200-?] |
||
| 300 |
_a112 p. ; _c20 cm. |
||
| 650 | 7 |
_aPolitical ethics. _2BUEsh |
|
| 651 | _2BUEsh | ||
| 653 |
_bHHUUEENN _bBUSBOL _cMarch2018 |
||
| 655 |
_vReading book _934232 |
||
| 700 | 1 |
_aAwad, R., _eeditor. |
|
| 942 | _2ddc | ||
| 999 |
_c26246 _d26218 |
||